EToH - 2025 Challenges - Statistics

General Stats
  • This quiz has been taken 6 times
  • The average score is 6 of 128
Answer Stats
2025 Challenges % Correct
Feed the cow a candy cane in Ring 2
67%
Beat something from the Winter Towers section in April Fools 2023
33%
Beat SoTP with the ability to double jump
33%
Beat SoTT without lava
33%
Beat SoWP with ad popups
33%
Beat Steeple of Nightfall: Blizzard
33%
Beat the jolly version of NEAT
33%
Beat the new Easy steeple in Ring 1
33%
Beat the new Remorseless steeple in Silent Abyss
33%
Beat ToRCH with rising lava
33%
Beat Tower of Hecc: Present Rush
33%
Beat Tower of X Madness: Xmas Edition
33%
Find 5 ghosts in Ring 1's lobby
33%
Help 5 houses get festive in Old Frosted Kingdom
33%
Make some hot chocolate in the Zone 2 lobby
33%
Race the Grinch in ToTS
33%
Beat 2 Challenging towers in under 15 minutes each
0%
Beat 2 different Intense towers in Zone 9
0%
Beat 2 different towers in Ring 1
0%
Beat 2 Intermediate towers in Zone 7
0%
Beat 2 monthly towers that were in Zone 4
0%
Beat 2 Psychologically Unsafe towers in Ring 3
0%
Beat 2 steeples in the Beginner section of Paradise Atoll
0%
Beat 3 Medium/Hard steeples from any past Halloween event
0%
Beat 3 mini towers that are Difficult or harder
0%
Beat 3 practice obbies in World 1
0%
Beat 3 steeples/towers in The Starlit Archives in under 25 minutes
0%
Beat a Beginner Steeple/Tower in Silent Abyss
0%
Beat a Medium steeple in Garden of Eeshol
0%
Beat any citadel in World 2 in under 30 minutes
0%
Beat any Hard tower in the Spatial System
0%
Beat any Hard tower with a 5-letter long acronym
0%
Beat any Intense tower in Zone 8
0%
Beat any Intermediate tower in Ring 7
0%
Beat any Mid-High Hard tower
0%
Beat any Mini Tower in a Time-Lost area
0%
Beat any Remorseless citadel
0%
Beat any Remorseless steeple
0%
Beat any Remorseless tower by a current owner
0%
Beat any remorseless tower with both red and green floors
0%
Beat anything Challenging or harder in Garden of Eeshol
0%
Beat anything Difficult or harder in Paradise Atoll
0%
Beat anything in 100M Replay
0%
Beat any tower that is Intense or harder and has a real word as its acronym
0%
Beat a tower that is Challenging or harder in every Time-Lost area
0%
Beat SoFF before the moon demolishes the village
0%
Beat SoFW with rising water and poison
0%
Beat SoHE as a ghost
0%
Beat SoMB in under 6 1/2 minutes
0%
Beat SoP with instakill lava
0%
Beat SoUR as a pineapple
0%
Beat the buffed version of ToAT
0%
Beat the buffed version of ToIS
0%
Beat the nerfed version of ToTF
0%
Beat the new Challenging steeple in Paradise Atoll
0%
Beat the new Challenging tower in Zone 2
0%
Beat the new Difficult tower in Ashen Towerworks
0%
Beat the new Difficult tower in Zone 1
0%
Beat the new Easy steeple in Garden of Eeshol
0%
Beat the new Hard tower in Lost River
0%
Beat the new Hard tower in Ring 2
0%
Beat the new Hard tower in Zone 6
0%
Beat the new Insane tower in Zone 9
0%
Beat the new Intense tower in Ring 3
0%
Beat the new Intense tower in Ring 4
0%
Beat the new Intense tower in Ring 7
0%
Beat the new Intense tower in Zone 7
0%
Beat the new Medium steeple in Forgotten Ridge
0%
Beat the new Medium tower in Zone 2
0%
Beat the new Remorseless tower in Ring 9
0%
Beat the new Remorseless tower in The Starlit Archives
0%
Beat ToAD as a toad
0%
Beat ToAST as a piece of toast
0%
Beat ToAT in under 6 minutes
0%
Beat ToBB with rising blocks
0%
Beat ToBH with a spider chasing you
0%
Beat ToED with an added safety net on Floor 8
0%
Beat ToES without getting caught in the spider webs
0%
Beat ToFJ in under 4 1/2 minutes
0%
Beat ToFT with less than 10 killbrick hits
0%
Beat ToHE with extra jumpscares
0%
Beat ToISC before you get hit by a solar flare
0%
Beat ToKTS with the cosmic clone
0%
Beat ToLD before it explodes
0%
Beat ToNI in under 10 minutes
0%
Beat ToPC with inverted colors
0%
Beat ToPHaT in under 8 minutes
0%
Beat ToSFU starting from Floor 6
0%
Beat ToTR with darkness
0%
Beat ToTS with the ability to double jump
0%
Click 10 barrels in Zone 1's lobby
0%
Collect 6 candies in CoTaT
0%
Collect the 10 tickets scattered in ToIE
0%
Complete the new pumpkin obby in Ring 2
0%
Donate a ticket to the charity in Ring 2
0%
Enter 5 Soul Crushing towers in World 2
0%
Enter any tower rush
0%
Enter Forgotten Ridge using the tram in Ring 1
0%
Find the 8 pages in ToDD's forest
0%
Find the Citadel of Void portal in Ring 1
0%
Find the Tower of Broken Tables portal in Ring 2
0%
Find "The Unreachable Badge" in Ring 3
0%
Pet a cat in the Ring 1 cat therapy
0%
Place milk and cookies in the winter house in CoCR
0%
Reach Floor 10 of CoCR
0%
Reach Floor 2 of any catastrophic tower
0%
Reach Floor 2 of ToER
0%
Reach Floor 3 of ToEI
0%
Reach Floor 3 of ToSM
0%
Reach Floor 4 of any Hard tower in Ring 1
0%
Reach Floor 5 of 3 Remorseless towers in World 1
0%
Reach Floor 5 of any Challenging tower in Ring 8
0%
Reach Floor 5 of ToHR without losing any lives
0%
Reach Floor 5 of ToIB
0%
Reach Floor 5 of ToVS
0%
Reach Floor 5 on 4 Insane towers
0%
Reach Floor 6 of any Remorseless tower in Zone 4
0%
Reach Floor 6 of ToDT
0%
Reach Floor 8 of CoWS
0%
Reach Floor 9 on 2 Intense citadels
0%
Reach the first view in ToNV
0%
Reach ToAS in Zone 6 Tower Rush
0%
Reach ToNI in Ring 1 Tower Rush
0%
Use the weather machine in Garden of Eeshol to make the weather spooky
0%
Visit Arcane Area
0%
Visit the Ring 4 shop
0%
No matching quizzes found
Score Distribution
Percent of People with Each Score
Percentile by Number Answered
Your Score History
You have not taken this quiz